A vizsgált terület környezeti adottságai és konfliktusai = Prirodne karakteristike i konflikti na istraživanom području

Elmentve itt :
Bibliográfiai részletek
Szerzők: Blanka Viktória
Dolinaj Dragan
Farsang Andrea
Fiala Károly
Jovanović Mladen
Kiss Tímea
Ladányi Zsuzsanna
Pálfai Imre
Pavić Dragoslav
Rakonczai János
Mesaroš Minucer
Frank Anna
Popov Srđan
Szilassi Péter
Mezősi Gábor
Meyer Burghard
Dokumentumtípus: Könyv része
Megjelent: 2014
Sorozat:Aszály és vízgazdálkodás a Dél-Alföldön és a Vajdaságban
Kulcsszavak:Vízgazdálkodás - Alföld, Hidrológia - Alföld, Aszály, Dél-Alföld, Vajdaság
Online Access:http://acta.bibl.u-szeged.hu/64540
LEADER 01350naa a2200361 i 4500
001 acta64540
005 20260224081030.0
008 200203s2014 hu o 000 hun d
020 |a 978 963 306 341 5 
040 |a SZTE Egyetemi Kiadványok Repozitórium  |b hun 
041 |a hun 
100 1 |a Blanka Viktória 
245 1 2 |a A vizsgált terület környezeti adottságai és konfliktusai = Prirodne karakteristike i konflikti na istraživanom području  |h [elektronikus dokumentum] /  |c  Blanka Viktória 
260 |c 2014 
300 |a 20-66 
490 0 |a Aszály és vízgazdálkodás a Dél-Alföldön és a Vajdaságban 
695 |a Vízgazdálkodás - Alföld, Hidrológia - Alföld, Aszály, Dél-Alföld, Vajdaság 
700 0 1 |a Dolinaj Dragan  |e aut 
700 0 1 |a Farsang Andrea  |e aut 
700 0 1 |a Fiala Károly  |e aut 
700 0 1 |a Jovanović Mladen  |e aut 
700 0 1 |a Kiss Tímea  |e aut 
700 0 1 |a Ladányi Zsuzsanna  |e aut 
700 0 1 |a Pálfai Imre  |e aut 
700 0 1 |a Pavić Dragoslav  |e aut 
700 0 1 |a Rakonczai János  |e aut 
700 0 1 |a Mesaroš Minucer  |e aut 
700 0 1 |a Frank Anna  |e aut 
700 0 1 |a Popov Srđan  |e aut 
700 0 1 |a Szilassi Péter  |e aut 
700 0 1 |a Mezősi Gábor  |e aut 
700 0 1 |a Meyer Burghard  |e aut 
856 4 0 |u http://acta.bibl.u-szeged.hu/64540/1/aszaly_es_vizgazdalkodas_020-066.pdf  |z Dokumentum-elérés